000 00462nam a2200169Ia 4500
008 240729s9999 xx 000 0 und d
022 _a2344-1712
245 0 _aNetwork Intelligence Studies
260 _aRomania
260 _bRomanian Foundation for Business Intelligence
650 _a Business
650 _a Commerce
650 _aSocial Sciences
856 _uhttps://doaj.org/toc/fc5bfe51b87044fa807b200edfc2e764
942 _2ddc
942 _cDOAJEJ
999 _c71033
_d71033
945 _a1
_bMadushi Gamage
_c1
_dMadushi Gamage